| 000 | 00869nam a2200277 a 4500 | ||
|---|---|---|---|
| 001 | 000045012 | ||
| 003 | DO-SdBNP | ||
| 005 | 20231128102637.0 | ||
| 007 | 000045012 | ||
| 008 | 150129s2008 dr a 000 0 spa d | ||
| 040 |
_aBPMSU _bspa _cBPMSU |
||
| 050 | _a | ||
| 082 | 4 |
_aA863.08 _bC965l 2008 _222 |
|
| 092 | _b | ||
| 245 | 0 | 0 |
_aCuentos de lugares encantados / _ccoordinador Andrés Bello ; dirección y edición, Mercedes Gajú. |
| 260 |
_aSanto Domingo : _bEditora Taller, _bCoedición latinoaméricana, _c2008. |
||
| 300 |
_a120 p. : _bil. ; _c22 cm. |
||
| 490 | 0 | _aCoedición Latinoamericana | |
| 500 | _a | ||
| 590 | _aInventariado, 2023/VM | ||
| 650 | 4 |
_aCuentos infantiles latinoamericanos _vColecciones |
|
| 700 | 1 |
_aGajú, Mercedes, _eed. |
|
| 700 | 1 |
_aBello, Andrés _ecoor. |
|
| 910 | _aVMateo V. Control de calidad. BPMSU | ||
| 942 |
_2ddc _cBK |
||
| 999 |
_c7305 _d7305 |
||